000 00288nam a22001337a 4500
008 181015b xxu||||| |||| 00| 0 eng d
020 _a9780072404388
041 _aeng
080 _a316
100 _a50
101 _aSOC
245 _aHuman Development
_cjames.d
942 _2udc
_cBK
999 _c49785
_d49785